Normal view MARC view
  • Moore, George S.

Entry Personal Name

Number of records used in: 1

001 - CONTROL NUMBER

  • control field: 3522

003 - CONTROL NUMBER IDENTIFIER

  • control field: OSt

005 - DATE AND TIME OF LATEST TRANSACTION

  • control field: 20170511142856.0

008 - FIXED-LENGTH DATA ELEMENTS

  • fixed length control field: 170511|| aca||aabn | a|a d

040 ## - CATALOGING SOURCE

  • Original cataloging agency: OSt
  • Transcribing agency: OSt

100 ## - HEADING--PERSONAL NAME

  • Personal name: Moore, George S.
  • Fuller form of name: (George Stevens),
  • Dates associated with a name: 1905-

670 ## - SOURCE DATA FOUND

  • Source citation: Work cat.: (OSt)0: Moore, George S. (George Stevens), 1905-, The banker life /, 1987
Pusat Sumber Maklumat Dato' Haji Sarmin Md Hussin, Akademi Kastam Diraja Malaysia, Melaka
Tel: 06-2331106 | Faks: 06-2313787